00434nam a2200157Ia 4500003000400000005001700004008004100021020001800062040000900080082002100089100002300110245006700133260005200200300000900252650001500261OSt20200113151343.0190216s9999||||xx |||||||||||||| ||und|| a9781259004957 coclc a658.15937bKUM/C aKumar Prasanna J P 0aCost And Financial Management for Hotels /cPrasanna Kumar J P bTata Mcgraw Hill Publishing,c2013.aNew Delhi: a459p xManagement